|
|
|
|
| LEADER |
00000naa2a2200000 4500 |
| 001 |
398755 |
| 005 |
20231101065119.0 |
| 035 |
|
|
|a (RuTPU)RU\TPU\prd\39297
|
| 035 |
|
|
|a RU\TPU\prd\39296
|
| 090 |
|
|
|a 398755
|
| 100 |
|
|
|a 20051027a2005 k y0rusy50 ca
|
| 101 |
0 |
|
|a rus
|
| 102 |
|
|
|a RU
|
| 200 |
1 |
|
|a Особенности авторитетной работы
|e Роль и место авторитетных файлов в машиночитаемой каталогизации
|f О. Н. Жлобинская, Т. Л. Масхулия, Ю. Г. Селиванова
|
| 225 |
1 |
|
|a Каталогизация
|
| 461 |
|
0 |
|0 (RuTPU)RU\TPU\prd\12643
|t Библиотечное дело
|o ежемесячный журнал
|d 2003-
|
| 463 |
|
0 |
|0 (RuTPU)RU\TPU\prd\38994
|t № 6
|v С. 25-26
|d 2005
|
| 610 |
1 |
|
|a библиотеки
|
| 610 |
1 |
|
|a электронные каталоги
|
| 610 |
1 |
|
|a машиночитаемая каталогизация
|
| 610 |
1 |
|
|a авторитетные файлы
|
| 700 |
|
1 |
|a Жлобинская
|b О. Н.
|g Ольга Николаевна
|
| 701 |
|
1 |
|a Масхулия
|b Т. Л.
|g Татьяна Леонардовна
|
| 701 |
|
1 |
|a Селиванова
|b Ю. Г.
|g Юлия Геннадьевна
|
| 801 |
|
1 |
|a RU
|b 63413507
|c 20051027
|g PSBO
|
| 801 |
|
2 |
|a RU
|b 63413507
|c 20051027
|g PSBO
|
| 942 |
|
|
|c BK
|